000
00302nam a2200133Ia 4500
005
20251222141855.0
008
251222s9999||||xx |||||||||||||| ||spa||
020
_a
3-8228-3247-2
082
_a
791.430.29/M94
100
_a
Muller, Jurgen
245
0
_a
Cine de los 50
264
_b
Taschen
942
_c
LIB
999
_c
7853
_d
7853